000
00266nam a2200109Ia 4500
008
190216s9999||||xx |||||||||||||| ||und||
100
_a
Null
245
0
_a
Sahithyathile 101 Bala Kathakal
260
_b
Archana Publications(Pv) Ltd
650
_a
Kathakal
942
_c
BK
999
_c
25246
_d
25246